Statistics for 10 Westernmost Countries in Africa

Click here to take the quiz!

General Stats

  • This quiz has been taken 1,276 times
  • The average score is 9 of 10

Answer Stats

Longitude Country % Correct
13°15'WMorocco
98%
17°27'WSenegal
94%
17°03'WMauritania
91%
15°03'WGuinea
91%
25°25'WCape Verde
90%
16°45'WGambia
90%
12°00'WMali
90%
11°30'WLiberia
89%
13°18'WSierra Leone
88%
16°42'WGuinea-Bissau
87%

Score Distribution

Percentile by Number Answered

Percent of People with Each Score

Your Score History

You have not taken this quiz